INDIA'S COMMUNICATION REVOLUTION (Record no. 12800)
[ view plain ]
| 000 -LEADER | |
|---|---|
| fixed length control field | 00399nam a22001577a 4500 |
| 003 - CONTROL NUMBER IDENTIFIER | |
| control field | SGT |
| 020 ## - INTERNATIONAL STANDARD BOOK NUMBER | |
| International Standard Book Number | 13: 9780761994725 |
| 082 ## - DEWEY DECIMAL CLASSIFICATION NUMBER | |
| Classification number | 302.2 |
| Item number | I15S |
| 100 ## - MAIN ENTRY--PERSONAL NAME | |
| Personal name | SINGHAL, ARVIND |
| 245 ## - TITLE STATEMENT | |
| Title | INDIA'S COMMUNICATION REVOLUTION |
| 250 ## - EDITION STATEMENT | |
| Edition statement | 14TH |
| 260 ## - PUBLICATION, DISTRIBUTION, ETC. (IMPRINT) | |
| Place of publication, distribution, etc | NEW DELHI |
| Name of publisher, distributor, etc | SAGE PUBLICATION INDIA |
| Year of Publication | 2015 |
| 650 ## - SUBJECT ADDED ENTRY--TOPICAL TERM | |
| Topical term or geographic name as entry element | MASS COMMUNICATION |
| 653 ## - KEYWORDS--INDEX TERM | |
| Keyword term | INDIA'S COMMUNICATION REVOLUTION |
| 942 ## - ADDED ENTRY ELEMENTS (KOHA) | |
| Source of classification or shelving scheme | Dewey Decimal Classification |
| Koha item type | Books |
| Withdrawn status | Lost status | Source of classification or shelving scheme | Damaged status | Not for loan | Collection code | Home library | Current library | Shelving location | Date acquired | Vendor Name | Cost, normal purchase price | SGTU | Bill Number | Total Checkouts | Full call number | Accession No. (Barcode) | Checked out | Date last seen | Date last borrowed | Bill Date | Koha item type |
|---|---|---|---|---|---|---|---|---|---|---|---|---|---|---|---|---|---|---|---|---|---|
| Dewey Decimal Classification | MASS COMMUNICATION | SGT Science & Social Sciences Library | SGT Science & Social Sciences Library | Text Book | 04/08/2017 | AHUJA BOOKS PUBLISHER | 650.00 | SGTU | 6739 | 1 | 302.2 I15S | MC47 | 29/06/2026 | 30/05/2026 | 30/05/2026 | 16/03/2016 | Books | ||||
| Dewey Decimal Classification | MASS COMMUNICATION | SGT Science & Social Sciences Library | SGT Science & Social Sciences Library | Text Book | 04/08/2017 | AHUJA BOOKS PUBLISHER | 650.00 | SGTU | 6739 | 3 | 302.2 I15S | MC48 | 11/10/2025 | 11/10/2025 | 16/03/2016 | Books | |||||
| Dewey Decimal Classification | MASS COMMUNICATION | SGT Science & Social Sciences Library | SGT Science & Social Sciences Library | Text Book | 04/08/2017 | AHUJA BOOKS PUBLISHER | 650.00 | SGTU | 6739 | 302.2 I15S | MC49 | 04/08/2017 | 16/03/2016 | Books | |||||||
| Dewey Decimal Classification | MASS COMMUNICATION | SGT Science & Social Sciences Library | SGT Science & Social Sciences Library | Text Book | 04/08/2017 | AHUJA BOOKS PUBLISHER | 650.00 | SGTU | 6739 | 1 | 302.2 I15S | MC50 | 03/05/2019 | 30/03/2019 | 16/03/2016 | Books |